| 000 | 01057 a2200217 4500 | ||
|---|---|---|---|
| 001 | 45044 | ||
| 005 | 20260407155725.0 | ||
| 008 | 260407a2008 arg spa d | ||
| 003 | AR-UNSa-BCEJYS | ||
| 040 |
_aAR-UNSa-BCEJYS _bspa _cAR-UNSa-BCEJYS |
||
| 080 |
_a342.7-055.15 _xDerechos de los niños/as |
||
| 245 | 1 | 0 | _aInforme de actividades 2008 |
| 264 | 1 |
_aCórdoba : _bFundación Arcor _c2008 |
|
| 300 |
_a106 p. _c21 cm. |
||
| 505 | _a1. Palabra de presentación- 2. Por la igualdad de oportunidades para la infancia 3 .Dossier especial : Por una escuela hecha por todos para todos – 4. Logros, avances y desafíos : así fue el año 2008 – 5. Con perspectiva de red : Trabajar juntos con un objetivo en común – 6. Con perspectiva regional : el Instituto Arcor Brasil – 7. Indicativas apoyadas – 8. Abiertos a escuchar. | ||
| 041 | _aspa | ||
| 942 | _cBK | ||
| 590 | _aniveau_biblio:m niveau_hierar:0 | ||
| 100 | 1 | _aFundación Arcor | |
| 856 | 4 | 1 |
_uhttps://www.biblioeco.unsa.edu.ar/pmb/images/libros/L127068.jpg _yImagen de portada _qimage/jpeg |
| 999 |
_c3895 _d3895 |
||